| Registos Bibliográficos associados ao registo de autoridade |
|
Etiqueta de registo: 00254nam 2200025 450 001 2285553 003 http://id.bnportugal.gov.pt/bib/catbnp/2285553 021 ## $aPT$b487118/21 100 ## $a20260430d2021 m y0pory01030103ba 101 0# $apor 102 ## $aPT 105 ## $aa z 000yy 106 ## $ar 200 1# $a O chalé da Gafa e os seus ilustres ocupantes$fJorge Pereira de Sampaio, Luís Afonso Peres Pereira$gtextos Paulo Jorge Marques Inácio 210 #9 $a[S.l.]$cJorge Pereira de Sampaio$cLuís Afonso Peres Pereira,$d2021 215 ## $a269 p.$cil.$d22 cm 675 ## $a725.13(469.325)"18/20"(091)$vBN$zpor$32000289 675 ## $a352A/Z(469.325)"1943/2009"(091)$vBN$zpor$32000291 700 #1 $aSampaio,$bJorge,$f1965-$3197063 701 #1 $aPereira,$bLuís Afonso Peres,$f1975-$4070$31049973 702 #1 $aInácio,$bPaulo Jorge Marques$4070$31998554 801 #0 $aPT$bBN$gRPC 856 41 $uhttp://rnod.bnportugal.gov.pt/ImagesBN/winlibimg.aspx?skey=&doc=2285553&img=223204&save=true 900 ## $aBIBNAC$d20260617 966 ## $lBN$mFGMON$sB.A. 53836 V.$x1 971 ## $cisantos$d20260430 972 ## $e0$z0$d20260617$vlrevez 973 ## $ctrodrigues$d20260609
|
|
|